[Event "Khanty-Mansiysk FIDE GP"]
[Site "Khanty-Mansiysk"]
[Date "2015.05.16"]
[Round "3"]
[White "Jakovenko, Dmitrij"]
[Black "Svidler, Peter"]
[Result "0-1"]
[WhiteElo "2738"]
[BlackElo "2734"]
[Annotator "Marin,M"]
[PlyCount "114"]
[EventDate "2015.05.14"]
[EventType "tourn"]
[EventRounds "11"]
[EventCountry "RUS"]
[EventCategory "21"]
[SourceTitle "CBM 167"]
[Source "ChessBase"]
[SourceDate "2015.07.13"]
[SourceVersion "1"]
[SourceVersionDate "2015.07.13"]
[SourceQuality "1"]

1. e4 {[%emt 0:00:02]} e5 {[%emt 0:01:04]} 2. Nf3 {[%emt 0:00:05]} Nc6 {
[%emt 0:00:06]} 3. Bb5 {[%emt 0:00:03]} a6 {[%emt 0:00:03]} 4. Bxc6 {[%emt 0:
00:04]} dxc6 {[%emt 0:00:08]} 5. O-O {[%emt 0:00:04]} Qf6 $5 {[%emt 0:20:05]
Every now and then, chess proves to be inexhaustible. I must confess that
prior to annotating this game I knew Black had a good half a dozen
alternatives after 5.0-0, but was not familiar with the last move at all! In
fact, it has been played in a few hundred games starting with 1887! So maybe I
should reformulate: chess may be limited, in this game there is nothing really
new, but our even more limited knowledge makes it seem infinite.} 6. d4 {
[%emt 0:00:15] The most ambitious move. White opens the centre and hopes to
prove the queen's development premature by attacking it as soon as possible.
But the game will show that the queen has enough mobility, due to the absence
of the white light-squared bishop and the space cleared by ...dxc6 and ...exd4.
} (6. d3 {allows Black to achieve a comfortable regrouping:} Ne7 (6... Bg4 7.
Nbd2 Ne7 8. h3 h5 {would actually transpose to the 5...Bg4 variation. If Black
wants to play like that it makes no sense starting with 5...Qf6, since this
gives White a choice on move 6.}) 7. Be3 Ng6 8. h3 c5 9. Nc3 Bd6 10. Bg5 Qe6
11. Nd2 O-O 12. Nc4 b6 13. Qd2 Bb7 14. f4 exf4 15. Nxd6 cxd6 16. Bxf4 d5 17.
exd5 Bxd5 18. Rae1 Qc6 19. Nxd5 Qxd5 $11 {Oleksienko,M (2618)-Chirila,I (2520)
Philadelphia 2014 (1/2-1/2, 60)}) 6... exd4 {[%emt 0:00:02]} 7. Bg5 {[%emt 0:
00:15]} ({The oldest recorded game with this line went} 7. e5 $6 {It makes no
sense to weaken the light squares. This actually transposes to some sort of
Berlin Defence in which Black has not lost the right to castle, sparing him
quite a bunch of tempi on the way to connect rooks.} Qg6 8. Nxd4 ({In more
recent years White has played} 8. Qxd4 {but there seem to be no reason to
refrain from} Bh3 $146 {for instance} 9. Ng5 Rd8 10. Qf4 Bc8 {Planning ...Nh6
and ...Be7.} 11. e6 $6 {White is too poorly developed to afford such early
activity.} fxe6 12. Qxc7 Bd6 13. Qa5 Nf6 $36) 8... Bh3 9. Qf3 Bg4 10. Qg3 O-O-O
{with comfortable play in Schallopp,E-Harmonist,M Frankfurt 1887 (0-1, 28)})
7... Qd6 {[%emt 0:00:02]} 8. Nxd4 {[%emt 0:00:10] Still hoping to cause Black
some problems with his queen safety.} (8. Qxd4 Qxd4 9. Nxd4 Bd7 10. Nc3 f6 11.
Be3 O-O-O {Solak,D (2630)-Atalik,S (2592) Kocaeli 2008 CBM 125 [Atalik,S] (1/
2-1/2, 58)}) 8... Bd7 {[%emt 0:00:23]} (8... Be7 9. Be3 (9. Bxe7 Nxe7 {is
likely to transpose to our game.}) 9... Nf6 {0-1 (49) Naiditsch,A (2716)
-Caruana,F (2757) Baden-Baden 2013 CBM 153 [Andreikin,D]}) 9. Nc3 {[%emt 0:01:
40]} Be7 {[%emt 0:02:42] The exchange of bishops tends to be a small strategic
success for White in the Exchange Variation. Things are a bit different here,
as this operation ensures the queen higher stability.} ({Without queens, the
best way to prepare long castling would be} 9... f6 {but here this may cause
some problems after} 10. Bh4 O-O-O 11. Bg3 {with advance in development and
continuing initiative for White.}) 10. Bxe7 {[%emt 0:00:09]} (10. Be3 O-O-O 11.
Qf3 Qf6 ({After White has blocked his own f-pawn,} 11... Nf6 {[%cal Gf6g4]
makes sense, for instance:} 12. h3 Qe5 {[%cal Ge7d6]} 13. Nde2 Be6 $11) 12. Qg3
Qg6 13. Rad1 Nf6 14. f3 Rhe8 15. Qf2 Bd6 16. Nde2 Nh5 17. Bf4 {Spectacular,
but not too effective.} (17. g4 {may cause Black space problems.}) 17... Nxf4
18. Nxf4 Qg5 ({Actually, even} 18... Bxf4 {is playable:} 19. Qa7 $1 Be3+ $1 20.
Qxe3 b6) 19. Nd3 Kb8 $13 {Guseinov,G (2631)-Khairullin,I (2658)
Khanty-Mansiysk 2013 (0-1, 56)}) 10... Nxe7 {[%emt 0:00:03]} 11. Nde2 {[%emt 0:
00:10] The typical knight retreat.} (11. Nb3 O-O-O (11... Qxd1 12. Raxd1 b6 {
[%csl Rb3] would be simpler.}) 12. Qe2 g5 $5 {Morozevich' trademark
originality.} (12... Ng6 13. Rad1 Qe7) 13. Qe3 b6 14. Qxg5 Rhg8 15. Qe3 Qg6 16.
g3 h5 {Magem Badals,J (2520)-Morozevich,A (2575) Pamplona 1994 CBM 046 
[Wedberg] (0-1, 40), and Black eventually proved his compensation to be more
dangerous than it may seem at first sight.}) 11... O-O-O {[%emt 0:03:23]} 12.
Qc1 {[%emt 0:00:05][%cal Gc1e3] The exchange on d6 would just repair Black's
structure, so the queen has to look for other horisons.} Bg4 $5 $146 {[%emt 0:
07:43]} ({It seems that Black can actually ignore White's plan by continuing
his own regrouping:} 12... Ng6 13. Qe3 Kb8 14. Rad1 Qe7 15. Rd2 Ne5 16. b3 Bc8
$11 {Radjabov,T (2751)-Adams,M (2729) Baku 2008 (1/2-1/2, 39)}) (12... Qc5 {
[%csl Re3] is a bit committal, but in practice it has worked out well:} 13. Qf4
f5 (13... Be6 14. Rad1 Ng6 $11) 14. Ng3 h6 15. Rae1 Ng6 16. Qe3 Qxe3 17. fxe3
fxe4 18. Ncxe4 b6 19. b3 c5 20. Rf7 Rhg8 21. Rd1 Ne5 $15 {Erzhanov,A (2278)
-Batchuluun,T (2523) St Petersburg 2014 (0-1, 54)}) 13. Nf4 {[%emt 0:01:06]} (
13. f3 Qc5+ 14. Kh1 Be6 {would prevent White's intended regrouping radically.})
({I am slightly puzzled by the engines' suggestion against the consequent} 13.
Qe3 {, namely} Bxe2 {True, Black solves all his problems of coordination, but
isn't the bishop's higher mobility supposed to compensate for the minor
structural defect?!} 14. Qxe2 Ng6 15. Rfd1 (15. Rad1 Qb4 {takes advantage of
the missing e2-knight, by making b2-b3 impossible.}) 15... Qc5 16. Rxd8+ Rxd8
17. Rd1 Rd6 {We can notice that Black has got some other form of compensating
dynamically for the double pawns. There is only one open file and Black keeps
it firmly under control, as the exchange on d6 would immediately solve all his
long term problems after ...cxd6. Besides, the black knight is more mobile
than White's, which is restricted precisely by one of the double pawns and by
White's main candidate to promotion, the e4-pawn!} 18. g3 Ne5 19. Kg2 g5 $5 $11
) 13... Ng6 {[%emt 0:04:24]} 14. Nd3 {[%emt 0:05:07]} ({Once again, the
exchange of one minor piece is supposed to help White, but here, too, the
d-file is the main issue:} 14. Nxg6 hxg6 15. h3 Be6 (15... Bxh3 {looks a bit
premature:} 16. Rd1 Qe5 17. Rxd8+ Kxd8 18. gxh3 Rxh3 19. Ne2 $14 {due to the
intremediate checks Qd2, Qd1 or sometimes Qg5, White is going to win an
important tempo for approaching with his queen, making Black's compensation
for the piece only partial.}) 16. Qe3 Qd4 17. Qxd4 Rxd4 18. Rad1 c5 $1 19. f3
Rhd8 $11) 14... f6 {[%emt 0:10:53]} 15. Qe3 {[%emt 0:06:13]} Kb8 {[%emt 0:05:
48]} 16. f4 {[%emt 0:02:50]} Bc8 {[%emt 0:01:57]} 17. Rad1 {[%emt 0:04:00]} Qe7
{[%emt 0:00:36]} 18. Rde1 $13 {[%emt 0:20:37] Both sides have regrouped
harmoniously and the outcome of the middlegame will mainly depend on whether
the central pawns will prove weak or strong.} b6 {[%emt 0:18:15]} 19. Qg3 {
[%emt 0:16:16]} Rd4 {[%emt 0:00:31] Highlighting the drawback of keeping the
knight on d3: the d-file is Black's.} 20. Ne2 $5 {[%emt 0:16:53]} Ra4 $5 {
[%emt 0:07:46]} (20... Rxe4 {could lead to interesting complications:} 21. Nd4
Kb7 22. f5 Rxe1 (22... Nf8 $2 23. Nxc6 $1 Kxc6 24. Rxe4 Qxe4 25. Qxg7 $18 {
[%csl Gh8]}) 23. Rxe1 Ne5 24. Nxe5 ({The spectacular} 24. Nxc6 {only leads to
a draw by perpetual:} Kxc6 25. Nxe5+ fxe5 26. Rxe5 Qf7 27. Qf3+ Kd6 28. Qg3 Kd7
29. Qd3+ Kc6 30. Qf3+) 24... fxe5 25. Qxe5 {with chances to get some small
advantage in the endgame.}) 21. c3 $2 {[%emt 0:17:56] An almost imperceptible
mistake. White should have kept the c3-square free for his knight.} (21. a3 $1
Re8 ({The same idea as in the game does not work now:} 21... c5 $6 22. Nc3 $1
Rd4 23. f5 Ne5 24. Nd5 $16) 22. Nb4 Qc5+ 23. Kh1 Rxe4 24. c3 Kb7 25. Nd4 $13 {
The position is hard to evaluate. Black has won a pawn, but his rook is out of
play for a while.}) 21... c5 $1 $15 {[%emt 0:04:38]} (21... Rxa2 22. Nb4 Qc5+
23. Nd4 {creates unnecessary problems on c6.}) 22. f5 {[%emt 0:09:17]} (22. b4
cxb4 23. Nxb4 Qc5+ 24. Qf2 Re8 $17) (22. e5 $5) 22... Rxe4 $1 {[%emt 0:12:21]}
23. fxg6 {[%emt 0:01:32]} Rxe2 {[%emt 0:00:51]} 24. Rxe2 {[%emt 0:00:15]} Qxe2
{[%emt 0:00:08]} 25. Re1 {[%emt 0:00:17]} Qg4 {[%emt 0:00:44]} 26. Qxg4 {
[%emt 0:00:39]} Bxg4 {[%emt 0:00:03]} 27. gxh7 {[%emt 0:00:12]} Rxh7 {[%emt 0:
02:13] Black has won a pawn, which will soon ensure him a space advantage, but
he does not have any candidate to promotion yet. White could hope to draw by
using his temporarily higher activity, but this will prove illusory.} 28. Nf4 {
[%emt 0:06:47]} ({Unfortunately,} 28. Re7 {does not offer enough counterplay:}
Kb7 29. Nf4 Kc6 {[%cal Gc6d6]}) 28... Kc8 {[%emt 0:05:51]} 29. h3 {[%emt 0:00:
44]} Bd7 {[%emt 0:01:01]} 30. Kf2 {[%emt 0:01:35]} (30. Re7 Kd8 31. Rf7 $2 Ke8
$19) 30... Kd8 {[%emt 0:01:31]} 31. Ne6+ {[%emt 0:01:38]} Bxe6 {[%emt 0:00:14]}
32. Rxe6 {[%emt 0:00:01]} Rh5 {[%emt 0:00:29] This ending is a lot more
dangerous for White than it may seem. The queenside "majority" (I am not sure
if this term applies if Black cannot create a passed pawn) will soon become
threatening. We will also see another drawback of the move c2-c3: it
chronically weakened the d3-square.} 33. Re2 {[%emt 0:00:28]} Kd7 {[%emt 0:00:
18]} 34. Rd2+ {[%emt 0:00:20]} Ke6 {[%emt 0:00:51]} 35. Rd8 {[%emt 0:01:08]} c4
{[%emt 0:00:30]} 36. Ke3 {[%emt 0:00:25]} Rb5 {[%emt 0:00:44]} 37. Rd2 {
[%emt 0:00:03]} Re5+ {[%emt 0:00:11]} 38. Kf3 {[%emt 0:00:08]} Ra5 {[%emt 0:00:
09]} 39. a3 {[%emt 0:00:04]} Rf5+ {[%emt 0:00:02]} 40. Ke3 {[%emt 0:00:00]}
Re5+ {[%emt 0:00:00]} 41. Kf3 {[%emt 0:00:09]} Rf5+ {[%emt 0:08:28]} 42. Ke3 {
[%emt 0:00:33]} c6 {[%emt 0:09:31]} 43. Re2 {[%emt 0:12:41]} b5 {[%emt 0:06:22]
} 44. Rd2 {[%emt 0:07:14]} Rd5 {[%emt 0:05:22]} 45. Re2 {[%emt 0:02:46]} Kf5 {
[%emt 0:01:02]} 46. Rf2+ {[%emt 0:02:25]} Ke5 {[%emt 0:01:08]} 47. Kf3 {
[%emt 0:00:06]} Rd3+ {[%emt 0:13:33] I believe that by now it is safe enough
to call Black's position "won".} 48. Kg4 {[%emt 0:00:07]} (48. Ke2 Ke4 49. Ke1
f5 $19 {is awfully passive for White.}) 48... Re3 {[%emt 0:00:11]} 49. Rf5+ {
[%emt 0:05:47]} Ke4 {[%emt 0:00:18]} 50. Rf2 $6 {[%emt 0:00:05] Allowing an
elegant execution, but there was not much hope left anyway.} (50. Rf4+ Kd3 51.
Rf2 a5 52. Kf5 c5 53. h4 b4 {Black will finally get a passed pawn, sealing the
fate of the game.}) 50... f5+ {[%emt 0:03:08]} 51. Rxf5 {[%emt 0:00:24]} Re2 {
[%emt 0:00:02]} 52. g3 {[%emt 0:02:30]} Rxb2 {[%emt 0:00:10]} 53. Rg5 {[%emt 0:
00:24]} Kd3 {[%emt 0:01:33]} 54. Rxg7 {[%emt 0:00:12]} Kxc3 {[%emt 0:00:02]}
55. Rc7 {[%emt 0:02:48]} a5 {[%emt 0:03:17]} 56. Rxc6 {[%emt 0:00:06]} b4 {
[%emt 0:00:03]} 57. axb4 {[%emt 0:00:29]} axb4 {[%emt 0:00:01]} 0-1

[Event "Olympiad-23"]
[Site "Buenos Aires"]
[Date "1978.11.06"]
[Round "11"]
[White "Schneider, Lars Ake"]
[Black "Romanishin, Oleg M"]
[Result "1-0"]
[WhiteElo "2430"]
[BlackElo "2610"]
[Annotator "Matanovic,A"]
[PlyCount "109"]
[EventDate "1978.10.25"]
[EventType "team-swiss"]
[EventRounds "14"]
[EventCountry "ARG"]
[SourceTitle "EXT 2000"]
[Source "ChessBase"]
[SourceDate "1999.11.16"]
[SourceVersion "1"]
[SourceVersionDate "1999.11.16"]
[SourceQuality "1"]
[WhiteTeam "Sweden"]
[BlackTeam "Soviet Union"]
[WhiteTeamCountry "SWE"]
[BlackTeamCountry "URS"]

{Inf.26/274} 1. e4 e5 2. Nf3 Nc6 3. Bb5 a6 4. Bxc6 dxc6 5. O-O Qd6 6. d3 f6 7.
Be3 Be6 8. Nbd2 c5 9. Nc4 Qc6 10. Nfd2 Ne7 11. a4 b6 12. f4 exf4 13. Bxf4 Ng6
14. Bg3 Bd6 (14... Be7 15. Qh5 O-O 16. Ne3 $14) 15. Nxd6+ cxd6 16. Nc4 Bxc4 $2
(16... Rd8 17. Ne3 O-O $11) 17. dxc4 Rd8 18. a5 b5 19. cxb5 Qxb5 20. Qd5 $16
Ke7 21. Rfd1 Ne5 22. Ra3 Qc4 $8 23. Bxe5 Qxd5 24. Bxf6+ Kxf6 25. Rxd5 Rhe8 26.
Rf3+ Kg6 27. Rfd3 Rxe4 28. Rxd6+ Rxd6 29. Rxd6+ Kf5 30. Rd5+ Ke6 31. Rxc5 $18
Kd6 32. Rg5 g6 33. c3 $2 (33. Kf2 $18) 33... Re1+ 34. Kf2 Rc1 35. b4 Rxc3 36.
b5 axb5 37. Rxb5 Ra3 38. Rb6+ Kc5 $2 (38... Ke5 $1 39. a6 Ke4 40. Ke2 (40. h3
Kf4) 40... Ra2+ $11) 39. Rb7 Rxa5 40. Rxh7 Kd5 (40... Kd6 41. Rh6) 41. Re7 Kd6
42. Re4 Kd7 43. h3 Ra3 44. Re3 Ra5 45. Kf3 Rf5+ 46. Kg4 Ra5 47. Re4 Ra2 48. Kf3
Ra5 49. Rg4 Ra6 50. Kf4 Ke7 51. Kg5 Kf7 52. Kh6 Rb6 53. Rf4+ Kg8 54. g4 Ra6 55.
g5 1-0

[Event "Vikings GM 1st"]
[Site "York"]
[Date "1999.??.??"]
[Round "7"]
[White "Sutovsky, Emil"]
[Black "Hector, Jonny"]
[Result "1-0"]
[WhiteElo "2585"]
[BlackElo "2505"]
[Annotator "McShane,L"]
[PlyCount "47"]
[EventDate "1999.12.13"]
[EventType "tourn"]
[EventRounds "10"]
[EventCountry "ENG"]
[EventCategory "12"]
[SourceTitle "CBM 075"]
[Source "ChessBase"]
[SourceDate "2000.04.05"]
[SourceVersion "1"]
[SourceVersionDate "2000.04.05"]
[SourceQuality "1"]

1. e4 {Donev} e5 2. Nf3 Nc6 3. Bb5 a6 4. Bxc6 dxc6 5. Nc3 Qd6 6. d4 exd4 7.
Nxd4 Bd7 (7... c5 {Donev} 8. Nde2 Qxd1+ 9. Nxd1 {Dies führt zur Hauptvariante
mit einem Mehrtempo für Weiß.}) 8. Be3 O-O-O 9. Qe2 {Donev: 'Damit legt sich
Weiß noch nicht fest, auf welche Seite er rochieren wird. Die weiße Q steht
optimal auf e2, weil erstens der Pg2 nach f3 gedeckt ist und zweitens nimmt
sie den Pa6 auf dem schwarzen Damenflügel aufs Korn.'} Qg6 (9... Nh6 {Donev}
10. O-O-O Qg6 11. f3 f5 12. e5 Nf7 13. f4 Bb4 14. e6 Bxe6 15. Nxc6 Rxd1+ 16.
Rxd1 Bf8 17. Na7+ Kb8 18. Nc6+ Kc8 19. Bg1 Qh6 20. g3 Bd6 21. Na5 Nd8 22. Qe3
Kd7 23. Qa7 Nc6 24. Nxc6 Kxc6 25. Ne2 Bxa2 26. Nd4+ Kd7 27. Nxf5 {1-0
Yandemirov,V-Kirusha,A/St Petersburg 1998/EXT 99 (27)}) 10. O-O-O {'N!?' Donev.
Donev: 'Die lange Rochade scheint logischer zu sein, da die schwarzen B (nach
Bd6) und die schwarze Q bereits auf den Königsflügel schauen.'} ({Ein Beispiel
aus eigener Praxis gegen den talentierten italienischen Großmeister:} 10. f3 {
Donev} Bd6 11. O-O-O Ne7 12. g4 Qf6 13. h4 h6 14. h5 Be5 15. Nb3 (15. Qf2 $1
$14) 15... Be6 16. Rxd8+ Rxd8 17. Bd2 c5 18. Rf1 {1/2-1/2 Donev,I-Godena,M/SUI
1996/CBM 55 ext (18)}) 10... Bb4 (10... Qxg2 $4 11. Rdg1 Qh3 (11... Bg4 {Donev}
12. Rxg2 Bxe2 13. Ndxe2 $18) 12. Rg3 Qh4 13. Bg5 {'+-' Donev. wins the greedy
queen.}) 11. Qc4 Bd6 {'?!' Donev.} (11... Bxc3 {is less compromising, and after
} 12. Qxc3 Qxe4 13. Nf3 {White has some initiative to compensate for the pawn.}
(13. Qc5 {[%cal Yc5a7] Donev} b6 14. Qc4 $13 {[%cal Yc4a6,Yc4f7]})) 12. Nb3 Nh6
13. Qd4 {Probing for weaknesses in the Black king's position. Donev: 'Schwarz
darf nicht erlauben, dass die weiße Dame auf a7 eindringt.'} b6 14. Na4 $1 Bg4
{'?' Donev. Donev: 'Nach diesem Fehler bekommt der Anziehende sehr starken
Angriff. Schwarz sollte in der folgenden Fortsetzung Verteidigung suchen:'} (
14... c5 $2 15. Nxb6+ cxb6 16. Qxd6 $16) (14... Be7 {Donev} 15. Nxb6+ cxb6 16.
Qxb6 c5) 15. Nxb6+ $3 {'->!' Donev.} cxb6 16. Qxb6 Bxd1 17. Rxd1 {'+-' Donev.
Keeping the pressure on. Donev: 'Der Anziehende hat einen Turm weniger, aber
praktisch sind alle weißen Figuren gegen den geschwächten schwarzen König
gerichtet. Außerdem sind die Qg6, der Nh6 und der Rh8 weit von ihrem Monarchen
entfernt. Es ist kein Wunder, dass der weiße Angriff in einigen Zügen die
Partie beendet.  '} (17. Qxc6+ Bc7 {and the threat of a queen exchange
exhausts the attack.}) 17... Ng4 {Black's queen and knight are on the wrong
side of the board.} (17... Kd7 18. e5 {wins a piece back, maintaining an
immense attack.}) 18. Qxa6+ Kd7 19. Bf4 Ke7 20. Bxd6+ Rxd6 21. Qb7+ Ke6 (21...
Ke8 22. Qb8+ Ke7 23. Qc7+) 22. Nc5+ Ke5 23. Qe7+ Re6 24. Qc7+ {24...Kf6 (24...
Rd6 27.Rxd6 Qxd6 28.f4+ wins) 25.Qf4+ Ke7 26.Rd7+ Kf8 27.Nxe6+ Qxe6 28.Qb8+
Qe8 29.Rd8 wins the queen.} 1-0